Фторуглеводороды, краун-эфиры и алкилфосфаты. Избранные главы из курса "Органическая химия": учебные материалы

Xehetasun bibliografikoak
Egile nagusia: Сарычева Т. А. Тамара Александровна
Erakunde egilea: Национальный исследовательский Томский политехнический университет (ТПУ)
Beste egile batzuk: Тимощенко Л. В. Лариса Владимировна
Gaia:В издании рассматриваются методы синтеза, химические свойства и области применения органических соединений фосфора, краун-эфиров и алкилфоефатов. Предназначено для студентов, обучающихся по специальностям 240601 «Химическая технология материалов современной энергетики» и 240603 «Химическая технология редких элементов и материалов на их основе» направления 240600 «Химическая технология материалов современной энергетики». Может быть полезно студентам-химикам для углубленного изучения отдельных разделов органической химии.
Hizkuntza:errusiera
Argitaratua: Томск, Изд-во ТПУ, 2010
Gaiak:
Formatua: Liburua
KOHA link:https://koha.lib.tpu.ru/cgi-bin/koha/opac-detail.pl?biblionumber=195093

MARC

LEADER 00000nam0a2200000 4500
001 195093
005 20231101224612.0
035 |a (RuTPU)RU\TPU\book\212819 
090 |a 195093 
100 |a 20110503d2010 m y0rusy50 ca 
101 0 |a rus 
102 |a RU 
105 |a a j 001zy 
200 1 |a Фторуглеводороды, краун-эфиры и алкилфосфаты. Избранные главы из курса "Органическая химия"  |e учебные материалы  |f Т. А. Сарычева, Л. В. Тимощенко  |g Национальный исследовательский Томский политехнический университет (ТПУ) 
210 |a Томск  |c Изд-во ТПУ  |d 2010 
215 |a 29 с.  |c ил. 
320 |a Библиогр.: с. 28. 
330 |a В издании рассматриваются методы синтеза, химические свойства и области применения органических соединений фосфора, краун-эфиров и алкилфоефатов. Предназначено для студентов, обучающихся по специальностям 240601 «Химическая технология материалов современной энергетики» и 240603 «Химическая технология редких элементов и материалов на их основе» направления 240600 «Химическая технология материалов современной энергетики». Может быть полезно студентам-химикам для углубленного изучения отдельных разделов органической химии. 
452 1 |0 (RuTPU)RU\TPU\book\219482  |t Фторуглеводороды, краун-эфиры и алкилфосфаты. Избранные главы из курса "Органическая химия"  |o учебные материалы  |f Т. А. Сарычева, Л. В. Тимощенко  |g Национальный исследовательский Томский политехнический университет (ТПУ)  |c Томск  |n Изд-во ТПУ  |d 2010  |a Сарычева, Тамара Александровна 
606 1 |a Органическая химия  |2 stltpush  |3 (RuTPU)RU\TPU\subj\47309  |9 66362 
610 1 |a фторуглеводороды 
610 1 |a краун-эфиры 
610 1 |a алкилфосфаты 
610 1 |a физические свойства 
610 1 |a получение 
610 1 |a химические реакции 
610 1 |a применение 
610 1 |a номенклатура 
610 1 |a фосфорная кислота 
610 1 |a эфиры 
610 1 |a учебные материалы 
610 1 |a учебные курсы 
610 1 |a избранные главы 
610 1 |a труды учёных ТПУ 
675 |a 547(075.8)  |v 3 
700 1 |a Сарычева  |b Т. А.  |c химик  |c доцент Томского политехнического университета, кандидат химических наук  |f 1952-  |g Тамара Александровна  |2 stltpush  |3 (RuTPU)RU\TPU\pers\26139 
701 1 |a Тимощенко  |b Л. В.  |c химик  |c доцент Томского политехнического университета, кандидат химических наук  |f 1960-  |g Лариса Владимировна  |2 stltpush  |3 (RuTPU)RU\TPU\pers\26628 
712 0 2 |a Национальный исследовательский Томский политехнический университет (ТПУ)  |c (2009- )  |2 stltpush  |3 (RuTPU)RU\TPU\col\15902 
801 1 |a RU  |b 63413507  |c 20110503 
801 2 |a RU  |b 63413507  |c 20131017  |g RCR 
900 |a Органическая химия 
942 |c BK